The unprincipled society : New demands and old politics

Đã lưu trong:
Sonraí Bibleagrafaíochta
Príomhúdar: Marquand, David
Formáid: Leabhar
Teanga:Undetermined
Foilsithe: London J. Cape 1988
Ábhair:
Clibeanna: Cuir Clib Leis
Gan Chlibeanna, Bí ar an gcéad duine leis an taifead seo a chlibeáil!
Thư viện lưu trữ: Trung tâm Học liệu Trường Đại học Cần Thơ
LEADER 00613nam a2200217Ia 4500
001 CTU_88729
008 210402s9999 xx 000 0 und d
082 |a 941.085 
082 |b M357 
100 |a Marquand, David 
245 4 |a The unprincipled society : 
245 0 |b New demands and old politics 
245 0 |c David Marquand 
260 |a London 
260 |b J. Cape 
260 |c 1988 
650 |a Great britain,Great britain 
650 |x Politics and government,Economic policy 
650 |y 1979-1997,1979-1997. 
904 |i Năm,Hải 
980 |a Trung tâm Học liệu Trường Đại học Cần Thơ